000
00311nam a22001337a 4500
005
20231115151419.0
008
231115b ||||| |||| 00| 0 eng d
040
_c
AL
041
_a
English
082
_2
23
_a
530
_b
RA0P
100
_a
RAO (M A R)
_9
141589
245
_a
Pre University Physics
942
_2
ddc
_c
SG
999
_c
229197
_d
229197